000
00330nam a2200145Ia 4500
005
20251222144731.0
008
251222s9999||||xx |||||||||||||| ||spa||
020
_a
978960663693
082
_a
458/D11
100
_a
De Biasio, M
245
0
_a
Mosaico Italia:
250
_a
1ra.ed.
264
_b
Edizioni Edilingua
942
_c
LIB
999
_c
18610
_d
18610